000 00919njm a22002657a 4500
005 20100922141848.0
007 sd ammalaaahaa
008 100913t xxu||||| |||| 00| 0 hin d
028 _a2392 466
_bMusic India
035 _aGR-07812
040 _aSED
_cSED
100 _aJoshi, Bhimsen
_91184
245 _aAlaap /
_cby Bhimsen Joshi...[et.al]
_h[sound recording] :
246 _aअलाप
260 _aDum Dum India
_bMusic India
_c1984
300 _a1 sound disc [Gramophone record] :
_banalog, 33 1/3 rpm
_c12.5 in. (LP)
_fGramophone Record
500 _aBrief Record
500 _aRecord label :Music India, Red
505 _aSide-2 (Raghuvar tumko meri laaj) (Bhimsen Joshi)
600 _aJoshi, Bhimsen
_919992
650 _aHind Film songs
_xExcerpts
_zIndia
_921058
650 _921096
942 _2ddc
_cGR
999 _c47506
_d47506